| 000 | 00378 a2200145 4500 | ||
|---|---|---|---|
| 999 |
_c4820 _d4820 |
||
| 020 | _a9780007488056 | ||
| 050 | _aPS3552 MCF 2012 | ||
| 100 |
_a McFarlane, Mhairi _eauthor |
||
| 245 |
_aYou had me at hello / _cMhairi McFarlane |
||
| 264 |
_aLondon : _b Avon, _c2012 |
||
| 300 | _a454 pg . : | ||
| 500 | _anovel | ||
| 650 | _aYou had me at hello | ||
| 942 |
_2lcc _cBK _h3552 _iMCF _kPS |
||